| 000 | 01050nam a2200253 i 4500 | ||
|---|---|---|---|
| 001 | 157494 | ||
| 003 | ES-MaACL | ||
| 005 | 20250816062550.0 | ||
| 008 | 990701s1900 sp |||| | spa d | ||
| 100 | 1 |
_aLemcke, Karl. _9128865 |
|
| 245 | 1 | 0 |
_aEstética : _bexpuesta en lecciones al alcance de todo el mundo / _cpor Carlos Lemcke ; traducida del alemán por Miguel de Unamuno. |
| 260 |
_aMadrid : _bLa España Moderna, _c[1900] ( _fAvrial) |
||
| 300 |
_a396 p. ; _c22 cm. |
||
| 490 | 1 | _aBiblioteca de jurisprudencia, filosofía e historia | |
| 510 | 4 |
_aPalau, _ct. VII, p. 467 |
|
| 530 | _aDisponible en formato digital. | ||
| 650 | 7 |
_aEstética _2embne _9142387 |
|
| 700 | 1 |
_aUnamuno, Miguel de, _d1864-1936 _9111982 |
|
| 830 | 1 | 0 |
_aBiblioteca de jurisprudencia, filosofía e historia _9180691 |
| 852 |
_aES-MaACL _jF-14869 _z- Enc. hol. |
||
| 852 |
_aES-MaACL _jB-5970 _z- Enc. hol., conservando cub. original |
||
| 856 |
_uhttp://bdh-rd.bne.es/viewer.vm?id=0000210720&page=1 _zBiblioteca Digital Hispánica |
||
| 999 |
_c157494 _d157494 |
||